000 00268nam a22001097a 4500
082 _a327 HAS'S
100 _aHASKINS, CARYL P
_980285
245 _aTHE SCIENTIFIC REVOLUTION AND WORLD POLITICS
260 _aNEWYORK
_bHARPER & ROW
_c1964
300 _a115P
942 _cBK
999 _c585226
_d585226